[Event "LSS RN-2022-0-01617"]
[Site "LSS email"]
[Date "2022.12.31"]
[Round "?"]
[White "Martin, Hector"]
[Black "Hughes, Chris"]
[Result "1-0"]
[WhiteElo "898"]
[BlackElo "801"]
[PlyCount "107"]
[EventDate "2022.06.10"]
[EventType "tourn (corr)"]
[EventRounds "6"]
[EventCountry "GER"]
[SourceTitle "Corr 2024"]
[Source "ChessBase"]
[SourceDate "2023.10.19"]
[SourceVersion "1"]
[SourceVersionDate "2023.10.19"]
[SourceQuality "1"]

1. Nf3 d5 2. c4 d4 3. d3 Nc6 4. e4 e5 5. a3 a5 6. Qb3 a4 7. Qc2 Nf6 8. g3 Bc5 9. b4 axb3 10. Qxb3 0-0 11. Bg2 Be6 12. Qxb7 Na5 13. Qb2 Rb8 14. Qc2 Nb3 15. Ra2 c6 16. 0-0 Qc7 17. Bg5 Be7 18. Nbd2 Nc5 19. Nh4 Ng4 20. Bxe7 Qxe7 21. Rb1 Qf6 22. Nhf3 Ra8 23. Nb3 Na4 24. Raa1 Qh6 25. Nbd2 c5 26. Rb5 f5 27. Re1 fxe4 28. Nxe4 Bd7 29. Rb7 Bc6 30. Rb3 Rxf3 31. Bxf3 Qxh2+ 32. Kf1 Ne3+ 33. Rxe3 dxe3 34. Qe2 exf2 35. Qxf2 Qh6 36. Rb1 Qg6 37. Rc1 Rc8 38. Qh2 Rf8 39. Ke2 Bd7 40. Qh4 Qf7 41. Ng5 Qg6 42. Bd5+ Kh8 43. Be4 Qh6 44. Qxh6 gxh6 45. Nf3 Bg4 46. Ke3 Bxf3 47. Bxf3 Kg7 48. Rb1 Rf7 49. Rb7 Rxb7 50. Bxb7 Nb6 51. Bc6 Nc8 52. Ke4 Kf6 53. a4 Ne7 54. Bd7 1-0

[Event "LSS RN-2021-0-01608"]
[Site "LSS email"]
[Date "2021.12.04"]
[Round "?"]
[White "Hickl, Norbert"]
[Black "Hughes, Chris"]
[Result "1-0"]
[WhiteElo "869"]
[BlackElo "805"]
[PlyCount "39"]
[EventDate "2021.08.18"]
[EventType "tourn (corr)"]
[EventRounds "6"]
[EventCountry "GER"]
[SourceTitle "Corr 2024"]
[Source "ChessBase"]
[SourceDate "2023.10.19"]
[SourceVersion "1"]
[SourceVersionDate "2023.10.19"]
[SourceQuality "1"]

1. c4 c5 2. g3 g6 3. Bg2 Bg7 4. Nf3 Nf6 5. 0-0 0-0 6. Nc3 d5 7. cxd5 Nxd5 8. d3 Nc6 9. Bd2 e6 10. Rc1 b6 11. Nxd5 exd5 12. e3 Bg4 13. h3 Bxf3 14. Qxf3 Ne7 15. Bc3 Rc8 16. Bxg7 Kxg7 17. d4 c4 18. h4 Rc6 19. h5 Rf6 20. h6+ 1-0

[Event "LSS RN-2021-0-01608"]
[Site "LSS email"]
[Date "2021.12.04"]
[Round "?"]
[White "Plastinin, Alexandr"]
[Black "Hughes, Chris"]
[Result "0-1"]
[WhiteElo "863"]
[BlackElo "805"]
[PlyCount "84"]
[EventDate "2021.08.18"]
[EventType "tourn (corr)"]
[EventRounds "6"]
[EventCountry "GER"]
[SourceTitle "Corr 2024"]
[Source "ChessBase"]
[SourceDate "2023.10.19"]
[SourceVersion "1"]
[SourceVersionDate "2023.10.19"]
[SourceQuality "1"]

1. e4 e6 2. Nf3 d5 3. exd5 exd5 4. d4 Bd6 5. Be2 Nf6 6. 0-0 0-0 7. Bg5 Bg4 8. h3 Bh5 9. Nc3 c6 10. Ne5 Bxe2 11. Qxe2 Re8 12. Rae1 Nbd7 13. f4 h6 14. Bh4 Qb6 15. Qd2 Bb4 16. Nxd7 Nxd7 17. a3 Bd6 18. b4 a5 19. bxa5 Qxa5 20. Rxe8+ Rxe8 21. Ne4 Qxa3 22. Nxd6 Qxd6 23. Re1 Rxe1+ 24. Bxe1 b6 25. g3 c5 26. Bf2 c4 27. c3 Nf6 28. Qc1 Qe6 29. Kg2 Qe4+ 30. Kg1 Qf3 31. Qe3 Qxe3 32. Bxe3 Ne4 33. Kf1 Nxc3 34. Ke1 b5 35. g4 b4 36. Kd2 Na4 37. Kc2 b3+ 38. Kb1 c3 39. Bc1 b2 40. Be3 Nb6 41. Bf2 Nc4 42. Be1 Na3+ 0-1

[Event "LSS SN-2021-0-01030"]
[Site "LSS email"]
[Date "2021.09.08"]
[Round "?"]
[White "Hughes, Chris"]
[Black "Hickl, Norbert"]
[Result "0-1"]
[WhiteElo "782"]
[BlackElo "838"]
[PlyCount "66"]
[EventDate "2021.06.22"]
[EventType "tourn (corr)"]
[EventRounds "6"]
[EventCountry "GER"]
[SourceTitle "Corr 2024"]
[Source "ChessBase"]
[SourceDate "2023.10.19"]
[SourceVersion "1"]
[SourceVersionDate "2023.10.19"]
[SourceQuality "1"]

1. d4 e6 2. c4 Nf6 3. Nf3 d5 4. Nc3 dxc4 5. e4 Bb4 6. Bxc4 Nxe4 7. 0-0 Bxc3 8. bxc3 Nxc3 9. Qc2 Nd5 10. Ba3 Nc6 11. Rae1 Nde7 12. Re4 0-0 13. Rh4 h6 14. Ng5 Nf5 15. Bxf8 Qxg5 16. Rh3 Kxf8 17. Re1 Ncxd4 18. Qb2 c5 19. Re5 b6 20. Rd3 Bb7 21. g3 Nh4 22. Rxg5 Nhf3+ 23. Kf1 Nxh2+ 24. Ke1 Nhf3+ 25. Kd1 hxg5 26. Qc1 Ne5 27. Re3 Rd8 28. Ke1 Nef3+ 29. Kf1 Ke7 30. Be2 Nxe2 31. Rxe2 Ba6 32. Qe3 g4 33. Qg5+ Nxg5 0-1

[Event "RN-2019-0-01577"]
[Site "LSS email"]
[Date "2019.11.13"]
[Round "?"]
[White "Hughes, Chris"]
[Black "Venturas, Bob"]
[Result "1-0"]
[WhiteElo "763"]
[BlackElo "603"]
[PlyCount "95"]
[EventDate "2019.10.27"]
[EventType "tourn (corr)"]
[EventRounds "6"]
[EventCountry "GER"]
[SourceTitle "Corr 2022"]
[Source "ChessBase"]
[SourceDate "2021.10.24"]
[SourceVersion "1"]
[SourceVersionDate "2021.10.24"]
[SourceQuality "1"]

1. d4 d5 2. c4 Nc6 3. Nc3 Nf6 4. cxd5 Nxd5 5. e4 Nxc3 6. bxc3 e6 7. Bb5 Bd7 8. a4 a6 9. Bd3 Be7 10. Nf3 h6 11. 0-0 0-0 12. Bf4 f5 13. exf5 exf5 14. Qb3+ Kh8 15. Qxb7 Bd6 16. Bxd6 cxd6 17. Bxa6 Na7 18. Bc4 Bc6 19. Qb3 Bxf3 20. gxf3 Qg5+ 21. Kh1 Rab8 22. Qc2 f4 23. Rg1 Qh5 24. Qe4 Rbe8 25. Qd3 Re7 26. Rae1 Rfe8 27. Rxe7 Rxe7 28. Rg4 Qh3 29. Rg1 Rb7 30. a5 Rb2 31. Rg2 Nc6 32. a6 Qd7 33. Kg1 Na7 34. Rg6 Qe7 35. Be6 Rb8 36. d5 Rb3 37. Qd4 Rb1+ 38. Kg2 Re1 39. Qxf4 Re5 40. c4 Qe8 41. Qf7 Rg5+ 42. Rxg5 Qxf7 43. Bxf7 hxg5 44. Kg3 Nc8 45. Kg4 Nb6 46. a7 g6 47. Kxg5 Kg7 48. Bxg6 1-0

[Event "SN-2019-0-00996"]
[Site "LSS email"]
[Date "2019.11.01"]
[Round "?"]
[White "Ducharme, Steven"]
[Black "Hughes, Chris"]
[Result "1-0"]
[WhiteElo "770"]
[BlackElo "774"]
[PlyCount "89"]
[EventDate "2019.10.16"]
[EventType "tourn (corr)"]
[EventRounds "6"]
[EventCountry "GER"]
[SourceTitle "Corr 2022"]
[Source "ChessBase"]
[SourceDate "2021.10.24"]
[SourceVersion "1"]
[SourceVersionDate "2021.10.24"]
[SourceQuality "1"]

1. c4 c5 2. Nf3 Nf6 3. g3 e6 4. Bg2 d5 5. 0-0 d4 6. d3 Nc6 7. Re1 Bd6 8. e4 Ne5 9. Nxe5 Bxe5 10. f4 Bc7 11. e5 Nd7 12. Bd2 0-0 13. a3 Rb8 14. b4 a6 15. b5 axb5 16. cxb5 b6 17. a4 f6 18. exf6 Nxf6 19. h3 Bb7 20. Bxb7 Rxb7 21. Qf3 Rb8 22. Rxe6 Nd5 23. Na3 Rf6 24. Rxf6 Nxf6 25. Nc4 Nd5 26. Kf2 Qd7 27. Re1 Qxh3 28. Qxd5+ Kh8 29. Rh1 Qg4 30. Qh5 Qxh5 31. Rxh5 Re8 32. a5 bxa5 33. Rxc5 Bb8 34. Nxa5 Ba7 35. Re5 Rc8 36. Nc6 Bb6 37. Bb4 h6 38. Kf3 Rc7 39. Bc5 Bxc5 40. Rxc5 Rd7 41. b6 Rb7 42. Rb5 Kh7 43. Na5 Rb8 44. b7 Kg8 45. Nc6 1-0

[Event "SN-2019-0-00996"]
[Site "LSS email"]
[Date "2019.11.01"]
[Round "?"]
[White "Hughes, Chris"]
[Black "Newton, Daryl"]
[Result "1-0"]
[WhiteElo "774"]
[BlackElo "293"]
[PlyCount "105"]
[EventDate "2019.10.16"]
[EventType "tourn (corr)"]
[EventRounds "6"]
[EventCountry "GER"]
[SourceTitle "Corr 2022"]
[Source "ChessBase"]
[SourceDate "2021.10.24"]
[SourceVersion "1"]
[SourceVersionDate "2021.10.24"]
[SourceQuality "1"]

1. d4 d5 2. c4 e6 3. Nc3 Be7 4. cxd5 exd5 5. Bf4 Nc6 6. e3 Bd6 7. Nxd5 Be6 8. Bxd6 Bxd5 9. Ba3 Nge7 10. Bd3 Qd7 11. Nf3 Qg4 12. 0-0 h5 13. h3 Qe6 14. Ng5 Qf6 15. Ne4 Qf5 16. Nd6+ cxd6 17. Bxf5 Nxf5 18. Re1 0-0-0 19. Qc2 Kb8 20. Qxf5 Ne7 21. Qg5 Ng6 22. Qxd5 Ne7 23. Qxf7 Nc6 24. Rac1 g5 25. Qf6 Rhf8 26. Qxg5 Rh8 27. Qb5 Rc8 28. Bxd6+ Ka8 29. Rc3 Rh6 30. Bf4 Rg6 31. Rb3 Nd8 32. Qe8 Rgc6 33. e4 Ne6 34. Qf7 b6 35. d5 Rf8 36. Qxh5 Nxf4 37. Qg4 Rc2 38. g3 Ng2 39. Re2 Rxe2 40. Qxe2 Nf4 41. gxf4 Rxf4 42. Rf3 Rh4 43. e5 Rh8 44. e6 Rh7 45. Rf7 Rxh3 46. Qg4 Rh8 47. Qg7 Rb8 48. d6 Rc8 49. e7 Rc1+ 50. Kg2 Rc8 51. Rf8 Kb7 52. e8Q+ Kb8 53. Qxc8# 1-0

[Event "SN-2019-0-00988"]
[Site "LSS email"]
[Date "2019.08.22"]
[Round "?"]
[White "Hughes, Chris"]
[Black "Maly, Marian"]
[Result "1-0"]
[WhiteElo "778"]
[BlackElo "1061"]
[PlyCount "59"]
[EventDate "2019.07.16"]
[EventType "tourn (corr)"]
[EventRounds "6"]
[EventCountry "GER"]
[SourceTitle "Corr 2022"]
[Source "ChessBase"]
[SourceDate "2021.10.24"]
[SourceVersion "1"]
[SourceVersionDate "2021.10.24"]
[SourceQuality "1"]

1. d4 d5 2. c4 e6 3. Nc3 Bb4 4. Nf3 dxc4 5. e4 Bd7 6. Bxc4 b5 7. Bb3 Bc6 8. Qc2 Nf6 9. 0-0 Bxc3 10. bxc3 Bxe4 11. Qe2 0-0 12. Bg5 Bxf3 13. Qxf3 h6 14. Bxf6 Qxf6 15. Qxa8 g5 16. Qb7 c6 17. Qxa7 g4 18. Qc7 h5 19. Qg3 Kh8 20. f3 Rg8 21. fxg4 Qh6 22. Rf4 f5 23. h3 hxg4 24. hxg4 fxg4 25. Rxg4 Rxg4 26. Qxg4 Qe3+ 27. Kh2 Nd7 28. Bxe6 Nf6 29. Qh3+ Kg7 30. Qxe3 1-0

[Event "RF-2019-0-00483"]
[Site "LSS email"]
[Date "2019.07.27"]
[Round "?"]
[White "Chura, Michal"]
[Black "Hughes, Chris"]
[Result "1/2-1/2"]
[WhiteElo "1178"]
[BlackElo "780"]
[PlyCount "89"]
[EventDate "2019.06.19"]
[EventType "tourn (corr)"]
[EventRounds "6"]
[EventCountry "GER"]
[SourceTitle "Corr 2022"]
[Source "ChessBase"]
[SourceDate "2021.10.24"]
[SourceVersion "1"]
[SourceVersionDate "2021.10.24"]
[SourceQuality "1"]

1. f4 d5 2. Nf3 Nf6 3. e3 g6 4. b3 Bg7 5. Bb2 0-0 6. Be2 c5 7. 0-0 Nc6 8. Ne5 Qc7 9. d3 Nd7 10. d4 cxd4 11. exd4 Nf6 12. Nd2 Bf5 13. Rc1 Ne4 14. Nxe4 Bxe4 15. Bf3 f5 16. Qd2 Nxe5 17. fxe5 Rac8 18. Bxe4 fxe4 19. Rf2 e6 20. h3 Rf7 21. Rxf7 Qxf7 22. Rf1 Qe7 23. Rf2 Rf8 24. Rxf8+ Qxf8 25. Qa5 a6 26. Qc7 Qb4 27. Bc3 Qb5 28. Qe7 Qc6 29. Bb4 Qc8 30. c4 Bf8 31. Qxf8+ Qxf8 32. Bxf8 Kxf8 33. Kf2 Ke7 34. Ke2 Kd7 35. Kd2 Kc6 36. Kc3 a5 37. a4 b6 38. h4 h5 39. g3 Kc7 40. b4 Kb7 41. b5 Kc7 42. c5 bxc5 43. dxc5 Kb7 44. Kd4 Kc7 45. Ke3 1/2-1/2

[Event "SN-2019-0-00978"]
[Site "LSS email"]
[Date "2019.06.13"]
[Round "?"]
[White "Hughes, Chris"]
[Black "Venturas, Bob"]
[Result "1-0"]
[WhiteElo "784"]
[BlackElo "684"]
[PlyCount "49"]
[EventDate "2019.05.14"]
[EventType "tourn (corr)"]
[EventRounds "6"]
[EventCountry "GER"]
[SourceTitle "Corr 2022"]
[Source "ChessBase"]
[SourceDate "2021.10.24"]
[SourceVersion "1"]
[SourceVersionDate "2021.10.24"]
[SourceQuality "1"]

1. d4 d5 2. c4 Nc6 3. Nc3 Nf6 4. Nf3 Bf5 5. cxd5 Nxd5 6. Qb3 Nb6 7. d5 Nb8 8. e4 Bg6 9. Bg5 f6 10. Bf4 N8d7 11. Bd3 Nc5 12. Qb5+ Ncd7 13. Be3 Bf7 14. 0-0 e5 15. a3 a6 16. Qb3 Bd6 17. Rfe1 0-0 18. Rac1 Bc5 19. Qd1 Bd6 20. Nh4 c5 21. Nf5 Bb8 22. Qg4 Bg6 23. f4 c4 24. Bb1 h5 25. Qxg6 1-0

[Event "SN-2019-0-00978"]
[Site "LSS email"]
[Date "2019.06.13"]
[Round "?"]
[White "Pehl, Ferenc"]
[Black "Hughes, Chris"]
[Result "1/2-1/2"]
[WhiteElo "871"]
[BlackElo "784"]
[PlyCount "92"]
[EventDate "2019.05.14"]
[EventType "tourn (corr)"]
[EventRounds "6"]
[EventCountry "GER"]
[SourceTitle "Corr 2022"]
[Source "ChessBase"]
[SourceDate "2021.10.24"]
[SourceVersion "1"]
[SourceVersionDate "2021.10.24"]
[SourceQuality "1"]

1. e4 e6 2. d4 d5 3. exd5 exd5 4. h3 Nf6 5. Nf3 Be7 6. Be2 0-0 7. 0-0 Nc6 8. Nc3 Bf5 9. a3 Qd7 10. Be3 a6 11. Bd3 Bxd3 12. Qxd3 g6 13. Ne5 Qd6 14. Nxc6 Qxc6 15. Rab1 Rfe8 16. Rfc1 Rad8 17. Re1 Rd6 18. Bd2 Re6 19. Rxe6 fxe6 20. Be3 Bd6 21. Na2 Ne4 22. Rc1 Qb6 23. b4 c6 24. c4 Bb8 25. c5 Qc7 26. f4 Ng3 27. Nc3 Nf5 28. Bd2 Qg7 29. Ne2 Qh6 30. Rf1 Rf8 31. Ng3 Nxg3 32. Qxg3 Rf5 33. Qg4 Qh5 34. Qxh5 Rxh5 35. Rf3 Rf5 36. g4 Rf7 37. Kg2 Bc7 38. h4 Bd8 39. Kg3 Kf8 40. g5 Bc7 41. Kg4 Kg8 42. h5 Kf8 43. hxg6 hxg6 44. Rh3 Kg7 45. Rh1 Kg8 46. Rh6 Kg7 1/2-1/2

[Event "RN-2019-0-01519"]
[Site "LSS email"]
[Date "2019.03.23"]
[Round "?"]
[White "Hughes, Chris"]
[Black "Cherry, Brian"]
[Result "1-0"]
[WhiteElo "779"]
[BlackElo "331"]
[PlyCount "31"]
[EventDate "2019.03.05"]
[EventType "tourn (corr)"]
[EventRounds "6"]
[EventCountry "GER"]
[SourceTitle "Corr 2022"]
[Source "ChessBase"]
[SourceDate "2021.10.24"]
[SourceVersion "1"]
[SourceVersionDate "2021.10.24"]
[SourceQuality "1"]

1. d4 d5 2. c4 e6 3. Nc3 dxc4 4. e4 Bb4 5. Bxc4 Nf6 6. Nge2 Nxe4 7. 0-0 c6 8. Nxe4 Qe7 9. a3 Ba5 10. Bd2 Bb6 11. Bb4 Qh4 12. Nd6+ Kd7 13. Nxf7 Rf8 14. Ne5+ Kc7 15. Bxf8 Nd7 16. Bxg7 1-0

[Event "RN-2019-0-01519"]
[Site "LSS email"]
[Date "2019.03.23"]
[Round "?"]
[White "Hughes, Chris"]
[Black "Venturas, Bob"]
[Result "0-1"]
[WhiteElo "779"]
[BlackElo "625"]
[PlyCount "58"]
[EventDate "2019.03.05"]
[EventType "tourn (corr)"]
[EventRounds "6"]
[EventCountry "GER"]
[SourceTitle "Corr 2022"]
[Source "ChessBase"]
[SourceDate "2021.10.24"]
[SourceVersion "1"]
[SourceVersionDate "2021.10.24"]
[SourceQuality "1"]

1. d4 d5 2. c4 Nc6 3. Nc3 Nf6 4. Bg5 Bf5 5. Bxf6 gxf6 6. Nxd5 e6 7. Ne3 Bg6 8. Nf3 Bg7 9. g3 0-0 10. Bh3 Be4 11. d5 exd5 12. cxd5 Ne5 13. 0-0 Kh8 14. Bf5 Bxf3 15. exf3 Ng6 16. Rc1 Ne7 17. Be4 Rb8 18. Qa4 a6 19. b4 Bh6 20. Rc3 Bg7 21. Rd3 Qd6 22. a3 b5 23. Qb3 Rg8 24. Rc1 Ng6 25. f4 Nxf4 26. gxf4 Qxf4 27. Bg2 f5 28. Nf1 Qxc1 29. Rc3 Bxc3 0-1

[Event "SN-2019-0-00961"]
[Site "LSS email"]
[Date "2019.02.11"]
[Round "?"]
[White "Hughes, Chris"]
[Black "Neuhausen, Rainer"]
[Result "0-1"]
[WhiteElo "821"]
[BlackElo "891"]
[PlyCount "56"]
[EventDate "2019.01.13"]
[EventType "tourn (corr)"]
[EventRounds "6"]
[EventCountry "GER"]
[SourceTitle "Corr 2022"]
[Source "ChessBase"]
[SourceDate "2021.10.24"]
[SourceVersion "1"]
[SourceVersionDate "2021.10.24"]
[SourceQuality "1"]

1. d4 d5 2. c4 e5 3. dxe5 d4 4. Nf3 c5 5. g3 Nc6 6. Bg2 Be6 7. b3 Nge7 8. 0-0 Ng6 9. a3 Be7 10. Qc2 0-0 11. Bb2 Rb8 12. Qe4 Qc7 13. e3 Ngxe5 14. exd4 cxd4 15. Nxd4 Nxd4 16. Bxd4 Nc6 17. Bb2 Bd6 18. Nd2 Rfe8 19. Qc2 Be5 20. Bxe5 Qxe5 21. Rfe1 Qh5 22. Re4 Bf5 23. Rxe8+ Rxe8 24. Qd1 Qxd1+ 25. Rxd1 Bc2 26. Rc1 Nd4 27. Kf1 Bd3+ 28. Kg1 Ne2+ 0-1

[Event "SN-2019-0-00961"]
[Site "LSS email"]
[Date "2019.02.11"]
[Round "?"]
[White "Hughes, Chris"]
[Black "Pehl, Ferenc"]
[Result "1/2-1/2"]
[WhiteElo "821"]
[BlackElo "901"]
[PlyCount "76"]
[EventDate "2019.01.13"]
[EventType "tourn (corr)"]
[EventRounds "6"]
[EventCountry "GER"]
[SourceTitle "Corr 2022"]
[Source "ChessBase"]
[SourceDate "2021.10.24"]
[SourceVersion "1"]
[SourceVersionDate "2021.10.24"]
[SourceQuality "1"]

1. d4 d5 2. c4 e6 3. Nc3 Nf6 4. Bg5 Be7 5. e3 a6 6. cxd5 Nxd5 7. Bxe7 Qxe7 8. Nf3 Nxc3 9. bxc3 0-0 10. e4 h6 11. Qb3 b6 12. Be2 Nc6 13. Rd1 Na5 14. Qc2 f6 15. 0-0 Rd8 16. Rfe1 Bb7 17. Bd3 Qa3 18. Nd2 Qe7 19. f3 Qd7 20. Nc4 Nxc4 21. Bxc4 a5 22. Bb3 Kf8 23. e5 f5 24. Re3 c6 25. a4 Kf7 26. Qxf5+ Ke7 27. Qg4 Rg8 28. Re4 Raf8 29. Rf4 Rxf4 30. Qxf4 Qe8 31. Qh4+ Kd7 32. c4 Qe7 33. Qxe7+ Kxe7 34. Rd3 Rd8 35. Kf2 Ba6 36. Ke3 Kf7 37. Rd2 Ke7 38. h4 Kf7 1/2-1/2

[Event "SN-2019-0-00961"]
[Site "LSS email"]
[Date "2019.02.11"]
[Round "?"]
[White "Kuttner, Jaromir"]
[Black "Hughes, Chris"]
[Result "1-0"]
[WhiteElo "855"]
[BlackElo "821"]
[PlyCount "53"]
[EventDate "2019.01.13"]
[EventType "tourn (corr)"]
[EventRounds "6"]
[EventCountry "GER"]
[SourceTitle "Corr 2022"]
[Source "ChessBase"]
[SourceDate "2021.10.24"]
[SourceVersion "1"]
[SourceVersionDate "2021.10.24"]
[SourceQuality "1"]

1. e4 e6 2. d4 d5 3. e5 c5 4. c3 Nc6 5. Nf3 Bd7 6. Be2 Nge7 7. Na3 cxd4 8. cxd4 Nf5 9. Nc2 Qb6 10. Rb1 Nb4 11. Nxb4 Bxb4+ 12. Kf1 0-0 13. g4 Ne7 14. Bg5 h6 15. a3 Rac8 16. Bxe7 Bxe7 17. Kg2 f6 18. h4 fxe5 19. Nxe5 Be8 20. b4 a6 21. Rc1 Bb5 22. Ng6 Rf7 23. Rxc8+ Bf8 24. Bxb5 Qxb5 25. Qc2 Qd7 26. Rc1 e5 27. Nxe5 1-0

[Event "SN-2019-0-00957"]
[Site "LSS email"]
[Date "2019.01.12"]
[Round "?"]
[White "Dolzycki, Janusz"]
[Black "Hughes, Chris"]
[Result "0-1"]
[WhiteElo "794"]
[BlackElo "801"]
[PlyCount "56"]
[EventDate "2018.12.10"]
[EventType "tourn (corr)"]
[EventRounds "6"]
[EventCountry "GER"]
[SourceTitle "Corr 2022"]
[Source "ChessBase"]
[SourceDate "2021.10.24"]
[SourceVersion "1"]
[SourceVersionDate "2021.10.24"]
[SourceQuality "1"]

1. e3 d5 2. Bb5+ c6 3. Bd3 Nf6 4. Nf3 Nbd7 5. 0-0 e5 6. Ng5 h6 7. Nf3 Bd6 8. Nc3 0-0 9. b3 Re8 10. a4 a5 11. Bb2 e4 12. Be2 exf3 13. Bxf3 Ne5 14. Be2 Bf5 15. g4 Nexg4 16. f3 Nxh2 17. Rf2 Qc7 18. f4 Nhg4 19. Rg2 h5 20. Na2 Kf8 21. Qe1 Be7 22. Qh4 g6 23. d4 Nxe3 24. Rg3 Nxc2 25. Rc1 Ne4 26. Rg5 Bxg5 27. Qh1 Bxf4 28. Rf1 Ng3 0-1

[Event "RN-2019-0-01497"]
[Site "LSS email"]
[Date "2019.01.04"]
[Round "?"]
[White "Lombardi, Donato"]
[Black "Hughes, Chris"]
[Result "0-1"]
[WhiteElo "736"]
[BlackElo "819"]
[PlyCount "120"]
[EventDate "2018.12.21"]
[EventType "tourn (corr)"]
[EventRounds "6"]
[EventCountry "GER"]
[SourceTitle "Corr 2022"]
[Source "ChessBase"]
[SourceDate "2021.10.24"]
[SourceVersion "1"]
[SourceVersionDate "2021.10.24"]
[SourceQuality "1"]

1. e4 e6 2. d4 d5 3. exd5 exd5 4. Nf3 Bd6 5. Bd3 Nc6 6. 0-0 Bg4 7. Re1+ Nge7 8. c3 0-0 9. Bg5 Qd7 10. Nbd2 f6 11. Bh4 Rfe8 12. Qc2 Nf5 13. h3 Nxh4 14. Nxh4 Be6 15. Bxh7+ Kf8 16. Ng6+ Kf7 17. Nh4 Ke7 18. Nf5+ Kd8 19. Nb3 g5 20. Nc5 Bxc5 21. dxc5 Ne7 22. Ng7 Nc6 23. Nxe6+ Rxe6 24. Bf5 Rxe1+ 25. Rxe1 Qg7 26. Qe2 Ne7 27. Qe6 Ke8 28. Bg6+ Kf8 29. Bh5 Rd8 30. Bg4 c6 31. Re3 Qf7 32. Qxf7+ Kxf7 33. b4 b6 34. cxb6 axb6 35. a4 d4 36. cxd4 Rxd4 37. a5 bxa5 38. bxa5 Ra4 39. Be6+ Kf8 40. Rc3 Rxa5 41. Bd7 c5 42. Kh2 Nd5 43. Rc4 Nb6 44. Rxc5 Rxc5 45. Bg4 Kg7 46. g3 Rc2 47. Kg2 Nd5 48. h4 Ne3+ 49. Kf3 Nxg4 50. Kxg4 gxh4 51. gxh4 Rxf2 52. h5 Kh6 53. Kh4 Rf5 54. Kg4 Rxh5 55. Kf4 f5 56. Kg3 Kg5 57. Kf3 Rh4 58. Kg3 Ra4 59. Kf3 f4 60. Kg2 Kg4 0-1

[Event "RN-2019-0-01497"]
[Site "LSS email"]
[Date "2019.01.03"]
[Round "?"]
[White "Neuhausen, Rainer"]
[Black "Hughes, Chris"]
[Result "1-0"]
[WhiteElo "933"]
[BlackElo "819"]
[PlyCount "89"]
[EventDate "2018.12.21"]
[EventType "tourn (corr)"]
[EventRounds "6"]
[EventCountry "GER"]
[SourceTitle "Corr 2022"]
[Source "ChessBase"]
[SourceDate "2021.10.24"]
[SourceVersion "1"]
[SourceVersionDate "2021.10.24"]
[SourceQuality "1"]

1. e4 e6 2. d4 d5 3. Nc3 Nf6 4. Bd3 c5 5. exd5 exd5 6. dxc5 Bxc5 7. Nf3 0-0 8. Bg5 Qd6 9. Bxf6 Qxf6 10. 0-0 Be6 11. Nb5 Nc6 12. Nc7 Rac8 13. Nb5 a6 14. Nc3 Rfe8 15. Na4 Ba7 16. Nc3 d4 17. Ne4 Qe7 18. Neg5 g6 19. Re1 Qd6 20. Nxe6 Rxe6 21. Ng5 Re7 22. Rxe7 Qxe7 23. Qg4 Re8 24. Ne4 Ne5 25. Qf4 Kg7 26. Qg5 Qxg5 27. Nxg5 Rc8 28. Re1 Re8 29. Kf1 h6 30. Nh3 Re6 31. Nf4 Re8 32. Nd5 Bb8 33. f4 f6 34. fxe5 fxe5 35. Be4 g5 36. Nb6 Re6 37. Nc4 b5 38. Nd2 Re7 39. Nb3 Bd6 40. Na5 Rc7 41. Nc6 Kf6 42. Ke2 Ke6 43. Rf1 Rc8 44. Kd3 Bc5 45. Bf5+ 1-0

[Event "RN-2019-0-01497"]
[Site "LSS email"]
[Date "2019.01.03"]
[Round "?"]
[White "Venturas, Bob"]
[Black "Hughes, Chris"]
[Result "0-1"]
[WhiteElo "602"]
[BlackElo "819"]
[PlyCount "56"]
[EventDate "2018.12.21"]
[EventType "tourn (corr)"]
[EventRounds "6"]
[EventCountry "GER"]
[SourceTitle "Corr 2022"]
[Source "ChessBase"]
[SourceDate "2021.10.24"]
[SourceVersion "1"]
[SourceVersionDate "2021.10.24"]
[SourceQuality "1"]

1. e4 e6 2. d4 d5 3. e5 c5 4. Nf3 Nc6 5. Be2 cxd4 6. Bd2 Bc5 7. 0-0 Nge7 8. a3 Ng6 9. Bd3 Ngxe5 10. h3 0-0 11. c3 Nxd3 12. cxd4 Nxd4 13. Nxd4 Bxd4 14. Nc3 a6 15. Bc1 Nxc1 16. Rxc1 Ba7 17. Ne2 Qf6 18. b4 b5 19. Ng3 Bb7 20. Rc7 Rab8 21. Kh1 Bb6 22. Rc1 Rfc8 23. Qd2 Bc7 24. Rc3 Bxg3 25. Rxc8+ Rxc8 26. Qd3 Bh4 27. f3 Rc3 28. Qd4 Qxd4 0-1